02101nam a2200469 i 450000100060000000300080000600500170001400600190003100700150005000800410006502000270010603500230013303500240015603500250018003500220020504000310022705000220025808000120028008200160029210000280030824502650033626400490060130000830065033600310073333700330076433800430079750201380084050400290097858801250100759001590113265000350129165000220132665000130134865000180136165500270137970000360140670000450144270000460148779700190153385600620155299900170161442044FlNmELB20241216222019.0m o d | cr cnu||||||||160311s2015 cu a ob 000 0 spa d a9789591629319 (e book) a(MiAaPQ)EBC4310288 a(Au-PeEL)EBL4310288 a(CaPaEBR)ebr11138427 a(OCoLC)1105872303 aFINmELBbspaerdacFINmELB 4aRC1235bI245 2015 a616-0010 a612.0442231 aIglesias Pérez, Omar.10aTest para estimar el porcentaje de fibras rápidas y lentas en miembros inferiores y superiores /cautor: Lic. Omar Iglesias Pérez ; tutores: Dr.C. Eugenio Perdomo Manso, Dra.C. Rosa María Tabares Arévalo ; consultante: Dra.C. Zelma Quetglas Gonzáles. 1aLa Habana :bEditorial Universitaria,c2015. a1 recurso en línea (iii, 146 páginas) :bilustraciones, gráficos, tablas atextobtxt2rdacontent/spa acomputadorabc2rdamedia/spa arecurso en líneabcr2rdacarrier/spa aTesisbDoctor en Ciencias de la Cultura FísicacUniversidad de Ciencias de la Cultura Física y el Deporte "Manuel Fajardo"d2013. aContiene bibliografía. aDescripción basada en recurso en línea; Título de la página del título en PDF (e-libro, visto March 11, 2015). aRecurso electronico. Santa Fe, Arg. : e-libro, 2016. Disponible via World Wide Web. El acceso puede ser limitado para las bibliotecas afiliadas a e-libro. 0aSportsxPhysiological aspects. 0aMusclesxAnatomy. 4aDeporte. 4aFisiología. 4aLibros electrónicos.1 aPerdomo Manso, Eugenio,etutor.1 aTabares Arévalo, Rosa María,etutor.1 aQuetglas Gonzáles, Zelma,econsultante.2 ae-libro, Corp.40uhttps://elibro.net/ereader/politecnicointernacional/90855 c42044d42044